| 000 | 01473cam a2200481 4500 | ||
|---|---|---|---|
| 003 | PE-LiUPU | ||
| 005 | 20250731172701.0 | ||
| 020 | _a0802726755 | ||
| 035 | _a(Sirsi) i9780802726759 | ||
| 035 | _a(Sirsi) 20700 | ||
| 035 | _a(Sirsi) 20700 | ||
| 041 | _aen | ||
| 044 | _aus | ||
| 049 | _aPRUA | ||
| 082 | 0 | 4 |
_a232.96 _bL92 |
| 100 | 1 |
_aLucado, Max, _eautor. |
|
| 245 | 1 | 0 |
_aAnd the angels were silent / _cMax Lucado. |
| 264 | 1 |
_aNew York : _bWalker and company, _c1992. |
|
| 300 |
_a285 páginas ; _c24 centímetros |
||
| 505 | 0 | _aFriday -- Saturday -- Sunday -- Monday -- Tuesday -- Thursday -- Friday -- Sunday. | |
| 526 | _aSEG42 | ||
| 526 | _aSEG41 | ||
| 526 | _aSEG40 | ||
| 526 | _aSEG39 | ||
| 526 | _aP94 | ||
| 526 | _aP87 | ||
| 526 | _aP86 | ||
| 526 | _aP85 | ||
| 526 | _aP77 | ||
| 526 | _aP76 | ||
| 526 | _aP35 | ||
| 600 | 0 | 4 |
_aJesúcristo _xPasión _vMeditaciones. |
| 630 | 0 | 4 |
_aBiblia _pN.T. _pMateo XXVI, XXVII _vMeditaciones. |
| 942 |
_2ddc _cBOOK |
||
| 949 |
_a232.96 L92 _i43604 _lPOSTGRADO _mBUL _tLIBRO _o.STAFF. Posgrado |
||
| 859 |
_q43604 _h232.96 _iL92 |
||
| 910 | _aaj-hd | ||
| 994 |
_aC0 _bPEPRU |
||
| 596 | _a1 | ||
| 999 |
_a232.96 L92 _wDEWEY _c65 _i43604 _f2021-11-10 _g5 _lCCODEBUL1 _mBUL _p232.96 _r0 _sY _tBOOK _u2015-6-16 _xTEOLOGIA _PP35 _0COMPRA _o.CIRCNOTE. Material de alto precio _o.STAFF. Colección Teología _d65 |
||
| 980 |
_81 _gALBERTO SANCHEZ Responsable de Automatización |
||